Signa (Record no. 161176)

MARC details
000 -LEADER
campo de control de longitud fija 00836nam a2200217 i 4500
001 - NÚMERO DE CONTROL
campo de control 161176
003 - IDENTIFICADOR DE NÚMERO DE CONTROL
campo de control ES-MaACL
005 - FECHA Y HORA DE LA ÚLTIMA TRANSACCIÓN
campo de control 20230906212216.0
008 - DATOS DE LONGITUD FIJA--INFORMACIÓN GENERAL
campo de control de longitud fija 050712s1875 gw f |||| | eng d
040 ## - FUENTE DE CATALOGACIÓN
Centro catalogador/agencia de origen CAM
Lengua de catalogación spa
Centro/agencia transcriptor CAM
100 0# - ENTRADA PRINCIPAL--NOMBRE DE PERSONA
Nombre de persona Ouida (
Fechas asociadas al nombre 1839-1908)
9 (RLIN) 130750
245 10 - MENCIÓN DEL TÍTULO
Título Signa
Resto del título : a story /
Mención de responsabilidad, etc. by Ouida.
260 ## - PUBLICACIÓN, DISTRIBUCIÓN, ETC.
Lugar de publicación, distribución, etc. Leipzig :
Nombre del editor, distribuidor, etc. Bernhard Tauchnitz,
Fecha de publicación, distribución, etc. 1875.
300 ## - DESCRIPCIÓN FÍSICA
Extensión 3 v. (296; 295; 303 p.), [1] h. de lám. ;
Dimensiones 16 cm.
490 1# - MENCIÓN DE SERIE
Mención de serie Collection iof British Authors ;
Designación de volumen o secuencia 1501; 1502; 1503
594 ## - Nota al título y mención de responsabilidad
Nota al título y mención de responsabilidad Ouida es seud. de Louise de La Ramée.
599 ## - NOTA A LAS ILUSTRACIONES
NOTA A LAS ILUSTRACIONES La h. de lám.: "A. Weger sen. Leipzig", retrato de la autora.
830 0# - PUNTO DE ACCESO ADICIONAL DE SERIE-TÍTULO UNIFORME
Título uniforme Collection iof British Authors ;
Designación de volumen o secuencia 1501; 1502; 1503
9 (RLIN) 222087
852 ## - LOCALIZACIÓN
Ubicación ES-MaACL
Número de control de estantería G-12677
Nota libre -- Enc. hol., conservando la enc. original
-- -- Enc. 3 t. en 1 v.
Holdings
Estatus retirado Estado de pérdida Estado de daño No para préstamo Colección Biblioteca de origen Biblioteca actual Ubicación en estantería Fecha de adquisición Fuente de adquisición Total de préstamos Signatura topográfica completa Código de barras Visto por última vez Precio de reemplazo Tipo de ítem Koha
        Libros del s. XIX Biblioteca del Ateneo de Madrid Biblioteca del Ateneo de Madrid Sala Pecera Planta 3 17/01/2008     G-12677 1168815 23/02/2023 23/02/2023 Libro impreso antiguo